00725nam a2200217Ia 4500003000900000008004100009020001800050040001600068080001600084100002700100245007800127260004200205300001400247650004100261650002300302650002400325650003300349942000700382999001500389952010300404IN-BaIIA211028s9999 xx 000 0 eng d a90-277-0885-1 cIIA Library a524.38bHEI aHeintz, Wulff D910637 0aDouble starscWulff D Heintz  aDordrechtbD. Reidel Publishingc1978 aix, 174p. aAstronomy and astrophysics thesaurus aBinary stars91185 aDouble stars910638 aEclipsing binary stars96453 cBK c6156d6156 00104070aBANbBANcGENd1979-04-07l0o524.38/ HEIp6868r2021-11-05w1979-04-07yBKGDFL 45.00